00686nam a2200169 a 4500003000200000005001700002008004100019050002700060100002800087245009500115260009000210300004000300504004100340650004400381650004300425650004800468020250206094339.0130817s19uu xx 00 eng d aPHS BF 448b.G184 2013 aGamab, Paulo Gabriel C. aExternal factors and decision making among high school students /cPaulo Gabriel C. Gamab. aLas Piñas City, Philippines :bSouthville International School and Colleges,c2013. a32 pages :billustrations ;c28 cm. aIncludes bibliographical references. aDecision-makingvPsychological aspects. aHigh school studentsvDecision-making. aAdolescent psychologyvCognitive processes.